000 01466cam a22003615a 4500
001 17642788
003 EG-ScBUE
005 20220906105212.0
008 130301t2013 inua f b 001 0 eng d
020 _a1118521307
020 _a9781118521304
040 _aYDXCP
_beng
_erda
_cYDXCP
_dSINLB
_dUKMGB
_dBTCTA
_dINT
_dOCLCF
_dOCLCO
_dZWZ
_dOCLCQ
_dDLC
_dEG-ScBUE
082 0 4 _a720.2840285536
_bVAN
_222
100 1 _aVandezande, James,
_eauthor.
_938461
245 1 0 _aMastering Autodesk Revit architecture 2014 /
_cJames Vandezande, Eddy Krygiel, Phil Read.
264 1 _aIndianapolis :
_bSybex,
_c[2013]
264 4 _cc2013
300 _axxvii, 980 pages :
_billustrations ;
_c24 cm
336 _2rdacontent
_atext
_btxt
337 _2rdamedia
_aunmediated
_bn
338 _2rdacarrier
_avolume
_bnc
504 _aIncludes bibliographical references and index.
505 0 _apt. 1. Fundamentals -- pt. 2. Understanding the workflow -- pt. 3. Modeling and massing for design -- pt. 4. Extending modeling techniques -- pt. 5. Documentation -- pt. 6. Construction and beyond.
630 0 7 _aAutodesk Revit.
_2BUEsh
650 7 _aArchitectural drawing
_xComputer-aided design.
_2BUEsh
_925994
650 7 _aArchitectural design
_xData processing.
_2BUEsh
_92262
651 _2BUEsh
653 _bENGARC
_cAugust2015
_cOctober2015
655 _vReading book
_934232
700 1 _aKrygiel, Eddy,
_d1972-
_eauthor.
700 1 _aRead, Phil,
_d1965-
_eauthor.
942 _2ddc
_cBB
999 _c20756
_d20728